Il Libro dei Teschi /

-д хадгалсан:
Номзүйн дэлгэрэнгүй
Үндсэн зохиолч: Silverberg, Robert
Формат: Ном
Хэл сонгох:англи
Шошгууд: Шошго нэмэх
Шошго байхгүй, Энэхүү баримтыг шошголох эхний хүн болох!

MARC

LEADER 00000nam a2200000 4500
001 CDOM0000003696
003 mi
005 20250902172353.0
008 250902b |||||||| |||| 00| 0 eng d
040 |c mi 
100 |a Silverberg, Robert 
245 1 |a Il Libro dei Teschi /  |c Robert Silverberg 
942 |2 ddc  |c BK 
952 |0 0  |1 0  |2 ddc  |4 0  |7 0  |9 6919  |a MI  |b MI  |d 2009-08-17  |i 5397  |l 0  |p CDOM5397  |r 2025-07-13 16:28:00  |w 2025-07-13  |x ACQUISTO  |y BK 
999 |c 5645  |d 5645